000
00248nam a22001217a 4500
082
_a
823
_b
JOH/L
100
_a
JOHNSON
245
_a
LIFE OF MILTON
260
_a
AGRA
_b
LAKSHMI NARAIN AGARWAL
300
_a
199
650
_a
NOVEL
_z
INDIA
942
_c
BK
999
_c
3399
_d
3399